000 00626cam a2200217 a 4500
001 000009195
005 20200929161520.0
008 910605s1988 cu 000 j spa c
040 _aDO-SdBNP
_cTxU
_dDLC
082 _aCu863.44
_bO77c
100 1 _aOrtega, Elio,
_d1944-
_923874
245 1 0 _aCuentos de amor y humor /
_cElio Ortega.
260 _aLa Habana, (Cuba) :
_bLetras Cubanas,
_c1988.
300 _a148 p. ;
_c18 cm.
490 1 _aEspiral
650 4 _aCuentos cubanos
_91482
650 4 _aLiteratura cubana
_ySIGLO XX
_99186
830 0 _aEspiral.
_914718
910 _aCatalogación por copia / LC
049 _aBNGR
999 _c8958
_d8958